000 01342cad a22001935a 4500
001 L156536
008 120606s2012 xxk 000 0 eng d
035 _a(Sirsi) u156536
041 0 _aeng
110 2 _aInvestment Property Forum
_92112
245 0 0 _aInvestment Property Forum UK consensus forecasts summary report
_bMay 2012
_h[electronic resource]
260 _aLondon
_bIPF
_c2012
490 0 _aIPF UK Consensus Forecasts Summary Report
_vMay 2012
520 _aThe consensus forecast of the All Property total return for the year has weakened slightly since the Q1 2012 survey from 1.6% to 1.4%, driven by a sustained expectation of negative capital value growth (steady at -4.6% quarter-on-quarter) and a fall in implied income return to 6.0%. The Eurozone crisis continues to be affect the market reinforced by confirmation of GDP dipping below zero growth for the second quarter in succession. 2013 is expected to see capital value growth stabilising (-0.3% average forecast), followed by improvement in the later years of the forecast to close to the long-run average rate of 2.5% per annum.
590 _aKA
690 _aCommercial property
_96227
856 4 0 _uhttps://www.ipf.org.uk/home/research/research_archive/default.aspx
_zView the summary (click on consensus summaries folder, then on item) at www.ipf.org
942 _n0
999 _c84062
_d84062